000 00731nam a2200205Ia 4500
003 GCL
008 140319s9999 xx 000 0 ara d
020 _a8019099906
040 _aGCL /
_cGCL
082 0 4 _aد
_b050
_bب م
100 1 _aبيروتز، ماكس
245 1 0 _aضرورة العلم ( عالم المعرفة 245 ) :
_bدراسات فى العلم و العلماء /
_cبيروتز، ماكس
260 _aالكويت :
_bالمجلس الوطنى للثقافة والفنون والاداب ،
_c1999
300 _a279 ص ؛
_c20 سم
490 _aعالم المعرفة
_v245
650 0 4 _aالذرة
650 0 4 _aالعلم - تاريخ
650 0 4 _aالفيزياء - نظريات
942 _2ddc
_cBK
999 _c2971
_d2971